01153nam a22001457a 4500003000400000020001800004082001200022100001700034245004200051250000800093260002900101300000800130650002300138653084600161SGT a9788125931287 a547,VIS aVISHNOI K N  aADVANCED PRACTICAL ORGANIC CHEMISTRY  a3RD aNEW DELHI bVIKAS c2015 a536 aORGANIC CHEMISTRY  a• GENERAL EXPERIMENTAL TECHNIQUES • SEPARATION OF MIXTURES • PRELIMINARY INVESTIGATIONS • DETECTION OF ELEMENTS • COMPOUNDS CONTAINING C AND H WITH OR WITHOUT O • COMPOUNDS CONTAINING S, C, H WITH OR WITHOUT O • COMPOUNDS CONTAINING N, C, H WITH OR WITHOUT O • COMPOUNDS CONTAINING HALOGEN (CL, BR OR I) C, H, WITH OR WITHOUT O • COMPOUNDS CONTAINING S, HALOGEN (CL, BR) C, H WITH OR WITHOUT O • COMPOUNDS CONTAINING N, HALOGEN (CL, BR, I) C, H, WITH OR WITHOUT O • COMPOUNDS CONTAINING N, S, C, H WITH OR WITHOUT O • COMPOUNDS CONTAINING N, S, CL, C, H AND O • MISCELLANEOUS COMPOUNDS• SIMPLE PREPARATIONS • TWO STEP PREPARATIONS • THREE STEP PREPARATIONS • BIOCHEMICAL PREPARATIONS• ESTIMATION OF ELEMENTS • MOLECULAR WEIGHT OF ORGANIC COMPOUNDS • ESTIMATION OF GROUPS • MISCELLANEOUS ESTIMATIONS